000 00497nam a2200181Ia 4500
008 220204s9999 xx 000 0 und d
082 _a573.6:581
_bCHR
100 _aChrispeels, Maarten J
245 0 _aPlants, genes and crop biotechnology
250 _aEd.2
260 _aMassachusetts
_bJones and Barlett Pub
_c2003
650 _aCrop improvement
650 _aDisease management
650 _aGenetic engineering
650 _aPlant breeding
700 _aSadava, David E
942 _cBK
999 _c42421
_d42421